Statistics for US States Admitted To US In 20th Century

Click here to take the quiz!

General Stats

  • This quiz has been taken 19 times
  • The average score is 4 of 5

Answer Stats

Answer% Correct
Alaska
100%
Hawaii
100%
New Mexico
95%
Arizona
79%
Oklahoma
68%

Score Distribution

Percentile by Number Answered

Percent of People with Each Score

Your Score History

You have not taken this quiz